[Event "Århus cand"]
[Site "Aarhus"]
[Date "2003.08.02"]
[Round "7"]
[White "Baekgaard, Martin"]
[Black "Petersen, Tom Petri"]
[Result "1/2-1/2"]
[WhiteElo "2217"]
[BlackElo "2194"]
[PlyCount "101"]
[EventDate "2003.07.27"]
[EventType "tourn"]
[EventRounds "9"]
[EventCountry "DEN"]
[SourceTitle "CBM 095 Extra"]
[Source "ChessBase"]
[SourceDate "2003.09.04"]

1. d4 Nf6 2. c4 g6 3. Nc3 Bg7 4. Nf3 O-O 5. g3 d6 6. Bg2 Nbd7 7. O-O c6 8. e4
e5 9. h3 Re8 10. Re1 a6 11. d5 cxd5 12. cxd5 b5 13. b4 Nb6 14. a4 Bd7 15. axb5
axb5 16. Bg5 Rxa1 17. Qxa1 Qc7 18. Bf1 Ra8 19. Qc1 Nc4 20. Nd2 Ne8 21. Nxb5
Bxb5 22. Nxc4 Rb8 23. Bd2 Qd7 24. Qa3 Bf6 25. Na5 Bxf1 26. Rxf1 Qxh3 27. Nc6
Rc8 28. b5 Bd8 29. b6 Bxb6 30. Ne7+ Kg7 31. Nxc8 Qxc8 32. Be3 Bxe3 33. Qxe3 Nf6
34. Kg2 Qc4 35. f3 Nd7 36. g4 Nc5 37. Rh1 Nd3 38. Qh6+ Kg8 39. Qxh7+ Kf8 40.
Qh6+ Ke7 41. Qg5+ Kd7 42. Qd2 Nf4+ 43. Kg3 Ke7 44. Qb2 Ne2+ 45. Kf2 Nf4 46. Kg3
Ne2+ 47. Kf2 Nf4 48. Qd2 Kf6 49. Kg3 Ne2+ 50. Kh4 Nf4 51. Kg3 1/2-1/2

[Event "Århus cand"]
[Site "Aarhus"]
[Date "2003.07.28"]
[Round "2"]
[White "Baekgaard, Martin"]
[Black "Christensen, Janus"]
[Result "1-0"]
[WhiteElo "2217"]
[BlackElo "1951"]
[PlyCount "101"]
[EventDate "2003.07.27"]
[EventType "tourn"]
[EventRounds "9"]
[EventCountry "DEN"]
[SourceTitle "CBM 095 Extra"]
[Source "ChessBase"]
[SourceDate "2003.09.04"]

1. d4 Nf6 2. c4 e6 3. Nf3 b6 4. a3 Bb7 5. Nc3 Be7 6. d5 O-O 7. e4 d6 8. Bd3 Re8
9. O-O Nbd7 10. Bc2 a5 11. Bf4 Ba6 12. b3 Nh5 13. Bd2 Bf6 14. Rb1 g6 15. Re1
Bxc3 16. Bxc3 e5 17. Bd3 Nc5 18. Bf1 a4 19. b4 Nb3 20. Nd2 Nxd2 21. Bxd2 Qf6
22. g3 Bc8 23. Be2 Ng7 24. c5 Qe7 25. Be3 f5 26. cxd6 Qxd6 27. Rc1 Bd7 28. f4
fxe4 29. fxe5 Qxe5 30. Bf4 Qb2 31. Rxc7 Bh3 32. Qa1 Qxa1 33. Rxa1 Nf5 34. Rd1
Red8 35. d6 g5 36. Bc4+ Kf8 37. Bxg5 Rxd6 38. Rxd6 Nxd6 39. Be7+ Kg7 40. Bxd6+
Kg6 41. Bd5 Rd8 42. Bxe4+ Bf5 43. Bxf5+ Kxf5 44. Rc6 b5 45. Kf2 Ke4 46. Bf4 Kd3
47. Rc5 Re8 48. Rxb5 Kc4 49. Ra5 Kb3 50. b5 Kxa3 51. b6 1-0

[Event "Århus cand"]
[Site "Aarhus"]
[Date "2003.07.30"]
[Round "4"]
[White "Baekgaard, Martin"]
[Black "Jakobsen, Martin Skov"]
[Result "0-1"]
[WhiteElo "2217"]
[BlackElo "2146"]
[PlyCount "46"]
[EventDate "2003.07.27"]
[EventType "tourn"]
[EventRounds "9"]
[EventCountry "DEN"]
[SourceTitle "CBM 095 Extra"]
[Source "ChessBase"]
[SourceDate "2003.09.04"]

1. d4 f5 2. Bg5 Nc6 3. Nc3 Nf6 4. Bxf6 exf6 5. e3 d5 6. Qf3 Be6 7. Bd3 Qd7 8.
a3 O-O-O 9. Nge2 g6 10. h3 Kb8 11. Nf4 Bf7 12. g4 Ne7 13. O-O-O Bg7 14. Rdg1 g5
15. Nfe2 Be6 16. Qg2 fxg4 17. hxg4 Ng6 18. f4 Nh4 19. Qf2 Bxg4 20. Qg3 h5 21.
Rf1 Qe7 22. Kd2 Rhe8 23. f5 Qd6 0-1

[Event "Århus cand"]
[Site "Aarhus"]
[Date "2003.07.29"]
[Round "3"]
[White "Christensen, Janus"]
[Black "Petersen, Tom Petri"]
[Result "0-1"]
[WhiteElo "1951"]
[BlackElo "2194"]
[PlyCount "90"]
[EventDate "2003.07.27"]
[EventType "tourn"]
[EventRounds "9"]
[EventCountry "DEN"]
[SourceTitle "CBM 095 Extra"]
[Source "ChessBase"]
[SourceDate "2003.09.04"]

1. e4 g6 2. Bc4 Bg7 3. d4 d6 4. f4 c5 5. c3 cxd4 6. cxd4 Qb6 7. Nf3 Nc6 8. e5
Nh6 9. Nc3 O-O 10. Nd5 Qd8 11. O-O Na5 12. b3 Nxc4 13. bxc4 b6 14. Ba3 Re8 15.
Re1 Be6 16. Ne3 Nf5 17. Nxf5 Bxf5 18. exd6 exd6 19. Rxe8+ Qxe8 20. Bxd6 Rd8 21.
c5 Qe3+ 22. Kh1 Bg4 23. Qe1 Qxe1+ 24. Rxe1 Bxf3 25. gxf3 Bxd4 26. c6 Rc8 27. c7
Bc5 28. Be5 f6 29. Rd1 Be7 30. Rd7 Kf7 31. Bd6 Ke6 32. Rxe7+ Kxd6 33. Rxh7 Rxc7
34. Rxc7 Kxc7 35. f5 gxf5 36. Kg1 Kd6 37. f4 Ke6 38. Kf2 Kf7 39. a4 Kg6 40. Ke3
Kh5 41. Kd4 Kg4 42. Kd5 Kxf4 43. Ke6 Kg5 44. h4+ Kg6 45. h5+ Kg5 0-1

[Event "Århus cand"]
[Site "Aarhus"]
[Date "2003.08.03"]
[Round "8"]
[White "Christensen, Janus"]
[Black "Rossen, Claus"]
[Result "0-1"]
[WhiteElo "1951"]
[BlackElo "2202"]
[PlyCount "104"]
[EventDate "2003.07.27"]
[EventType "tourn"]
[EventRounds "9"]
[EventCountry "DEN"]
[SourceTitle "CBM 095 Extra"]
[Source "ChessBase"]
[SourceDate "2003.09.04"]

1. e4 g6 2. d4 Bg7 3. f4 d6 4. Nf3 Nf6 5. Bd3 O-O 6. O-O Na6 7. c3 c5 8. d5 Rb8
9. a4 Nc7 10. c4 Na6 11. Bd2 Nb4 12. Bxb4 cxb4 13. a5 Nd7 14. Ra2 Nc5 15. b3 b6
16. Bc2 bxa5 17. h3 a4 18. e5 a5 19. Kh2 dxe5 20. fxe5 Bxe5+ 21. Nxe5 Qd6 22.
Re1 f6 23. Nd2 fxe5 24. Ne4 Nxe4 25. Bxe4 Bd7 26. Qb1 a3 27. c5 Qf6 28. Rae2
Qh4 29. Re3 Bf5 30. Qa1 Qf4+ 31. Kh1 Rf6 32. Rf3 Qh4 33. Bxf5 Rxf5 34. Rxf5
gxf5 35. Qxe5 Rf8 36. Rd1 Qf6 37. Qc7 a4 38. bxa4 a2 39. Qg3+ Qg7 40. Qe1 b3
41. d6 exd6 42. cxd6 b2 43. d7 Qf6 44. Qg3+ Kh8 45. d8=Q Rxd8 46. Rxd8+ Qxd8
47. Qe5+ Kg8 48. Qg3+ Kf8 49. Qa3+ Qe7 50. Qxb2 Qe1+ 51. Kh2 a1=Q 52. Qb8+ Qe8
0-1

[Event "Århus cand"]
[Site "Aarhus"]
[Date "2003.07.27"]
[Round "1"]
[White "Christensen, Janus"]
[Black "Veng, Johny"]
[Result "0-1"]
[WhiteElo "1951"]
[BlackElo "2126"]
[PlyCount "82"]
[EventDate "2003.07.27"]
[EventType "tourn"]
[EventRounds "9"]
[EventCountry "DEN"]
[SourceTitle "CBM 095 Extra"]
[Source "ChessBase"]
[SourceDate "2003.09.04"]

1. e4 c5 2. c3 d5 3. exd5 Qxd5 4. d4 cxd4 5. cxd4 Nc6 6. Nf3 e5 7. Nc3 Bb4 8.
a3 Bxc3+ 9. bxc3 Nge7 10. Be2 exd4 11. cxd4 O-O 12. Be3 b6 13. O-O Bb7 14. Rc1
Qd6 15. Qd3 Nd5 16. Qf5 Nce7 17. Qe5 Qd7 18. Bd3 Ng6 19. Qh5 Nf6 20. Qg5 Nd5
21. Bf5 Qd6 22. Ne5 Qxa3 23. Nc4 Qe7 24. Qg3 Rfd8 25. Bg5 f6 26. Rfe1 Qf8 27.
Bd2 Ba6 28. Bxg6 hxg6 29. Qxg6 Qf7 30. Qg3 Bxc4 31. Rxc4 a5 32. Rec1 Re8 33. h4
a4 34. Bb4 b5 35. Rc7 Qxc7 36. Rxc7 Nxc7 37. Qxc7 a3 38. Qc1 a2 39. Bc3 Rec8
40. Qe3 Rxc3 41. Qe6+ Kh8 0-1

[Event "Århus cand"]
[Site "Aarhus"]
[Date "2003.08.01"]
[Round "6"]
[White "Glud, Jakob Vang"]
[Black "Jakobsen, Martin Skov"]
[Result "1/2-1/2"]
[WhiteElo "2173"]
[BlackElo "2146"]
[PlyCount "89"]
[EventDate "2003.07.27"]
[EventType "tourn"]
[EventRounds "9"]
[EventCountry "DEN"]
[SourceTitle "CBM 095 Extra"]
[Source "ChessBase"]
[SourceDate "2003.09.04"]

1. e4 c5 2. Nf3 d6 3. d4 cxd4 4. Nxd4 Nf6 5. Nc3 a6 6. Bg5 e6 7. f4 b5 8. Bd3
Be7 9. Qf3 Bb7 10. a3 Nbd7 11. Bh4 h6 12. Bf2 Nc5 13. O-O Nxd3 14. cxd3 Nd7 15.
Rac1 O-O 16. Rc2 Bf6 17. Rfc1 Rc8 18. b4 Bxd4 19. Bxd4 e5 20. Be3 f5 21. Qg3
Kh7 22. exf5 Rxf5 23. Ne4 Rxc2 24. Rxc2 Bxe4 25. dxe4 Rf6 26. f5 Nb6 27. Bxb6
Qxb6+ 28. Qf2 Qb7 29. Qe3 d5 30. Rc5 d4 31. Qd3 Qf7 32. g4 Qa2 33. h4 g5 34.
hxg5 hxg5 35. Rc2 Qb1+ 36. Kg2 Qe1 37. Rc7+ Kh6 38. Rc8 Kg7 39. Qc2 Rf7 40. Rc6
Qe3 41. Rc7 Qf4 42. Rxf7+ Kxf7 43. Qc7+ Kf8 44. Qd6+ Kf7 45. Qe6+ 1/2-1/2

[Event "Århus cand"]
[Site "Aarhus"]
[Date "2003.07.30"]
[Round "4"]
[White "Glud, Jakob Vang"]
[Black "Christensen, Janus"]
[Result "0-1"]
[WhiteElo "2173"]
[BlackElo "1951"]
[PlyCount "66"]
[EventDate "2003.07.27"]
[EventType "tourn"]
[EventRounds "9"]
[EventCountry "DEN"]
[SourceTitle "CBM 095 Extra"]
[Source "ChessBase"]
[SourceDate "2003.09.04"]

1. e4 Nf6 2. e5 Nd5 3. d4 d6 4. Bc4 Nb6 5. Bb3 Nc6 6. exd6 exd6 7. Nf3 Bg4 8.
c3 Qf6 9. Nbd2 O-O-O 10. O-O d5 11. a4 a5 12. Qe2 Bd6 13. Bd1 Rhe8 14. Qb5 Bd7
15. Nb3 Nxd4 16. Qxa5 Nc6 17. Qb5 Ne5 18. Qa5 Nec4 19. Qa7 c6 20. Bg5 Qg6 21.
Na5 Nxa5 22. Qxa5 Nc4 23. Qa8+ Kc7 24. Bxd8+ Rxd8 25. Qa7 Bh3 26. Nh4 Qg5 27.
Qd4 Re8 28. f4 Qxh4 29. gxh3 Qxh3 30. Bf3 Ne3 31. Rf2 Nf5 32. Qd1 Bc5 33. Qf1
Qxf3 0-1

[Event "Århus cand"]
[Site "Aarhus"]
[Date "2003.08.03"]
[Round "8"]
[White "Glud, Jakob Vang"]
[Black "Baekgaard, Martin"]
[Result "1/2-1/2"]
[WhiteElo "2173"]
[BlackElo "2217"]
[PlyCount "85"]
[EventDate "2003.07.27"]
[EventType "tourn"]
[EventRounds "9"]
[EventCountry "DEN"]
[SourceTitle "CBM 095 Extra"]
[Source "ChessBase"]
[SourceDate "2003.09.04"]

1. e4 e6 2. d4 d5 3. e5 c5 4. c3 Nc6 5. Be3 f6 6. exf6 Nxf6 7. Nf3 Qc7 8. Bb5
Bd6 9. dxc5 Be7 10. Qd4 O-O 11. Bxc6 bxc6 12. Bf4 Qb7 13. b4 a5 14. O-O Nd7 15.
a3 Rf5 16. Qe3 Nf8 17. Nd4 Rxf4 18. Qxf4 Ng6 19. Qe3 e5 20. Ne2 Bf6 21. f4 Bg4
22. f5 Ne7 23. Ng3 Qd7 24. Qd3 Qc8 25. h3 e4 26. Nxe4 dxe4 27. Qc4+ Nd5 28.
hxg4 axb4 29. Qxe4 bxc3 30. Ra2 h6 31. Rc2 Qc7 32. g5 hxg5 33. Rf3 Qe5 34. Qxe5
Bxe5 35. Nxc3 Nxc3 36. Rcxc3 Bxc3 37. Rxc3 Kf7 38. Kf2 Kf6 39. Rd3 Kxf5 40. Rd6
Rxa3 41. Rxc6 Rc3 42. Rc7 Kf4 43. Rxg7 1/2-1/2

[Event "Århus cand"]
[Site "Aarhus"]
[Date "2003.07.31"]
[Round "5"]
[White "Jakobsen, Martin Skov"]
[Black "Petersen, Tom Petri"]
[Result "1/2-1/2"]
[WhiteElo "2146"]
[BlackElo "2194"]
[PlyCount "96"]
[EventDate "2003.07.27"]
[EventType "tourn"]
[EventRounds "9"]
[EventCountry "DEN"]
[SourceTitle "CBM 095 Extra"]
[Source "ChessBase"]
[SourceDate "2003.09.04"]

1. f4 g6 2. Nf3 Bg7 3. g3 c5 4. Bg2 Nc6 5. c3 d6 6. O-O Bd7 7. d3 e6 8. Na3
Nge7 9. Bd2 O-O 10. Nc2 b5 11. e4 Qb6 12. Ne3 a5 13. Rb1 a4 14. h4 a3 15. b3 b4
16. c4 Nd4 17. Nxd4 Bxd4 18. Kh2 Rae8 19. Nc2 Bg7 20. Be3 Nc6 21. Qd2 f5 22.
Rbd1 e5 23. Bf3 Nd4 24. Bxd4 exd4 25. exf5 Bxf5 26. Qg2 Qd8 27. Kg1 Re7 28. Rf2
Kh8 29. Rfd2 Qc8 30. Rc1 Rfe8 31. Bc6 Rf8 32. Bf3 Bf6 33. Kh2 Rfe8 34. Rf1 Bd7
35. Be4 Bf5 36. Bf3 h5 37. Rc1 Kg7 38. Rf1 Bg4 39. Be4 Bf5 40. Bf3 Qd8 41. Bd5
Re3 42. Rf3 Bg4 43. Nxe3 Bxf3 44. Nf5+ gxf5 45. Qxf3 Kg6 46. Re2 Rxe2+ 47. Qxe2
Qe7 48. Qxe7 Bxe7 1/2-1/2

[Event "Århus cand"]
[Site "Aarhus"]
[Date "2003.08.04"]
[Round "9"]
[White "Jakobsen, Martin Skov"]
[Black "Christensen, Janus"]
[Result "1-0"]
[WhiteElo "2146"]
[BlackElo "1951"]
[PlyCount "121"]
[EventDate "2003.07.27"]
[EventType "tourn"]
[EventRounds "9"]
[EventCountry "DEN"]
[SourceTitle "CBM 095 Extra"]
[Source "ChessBase"]
[SourceDate "2003.09.04"]

1. e4 e6 2. d4 d5 3. Nd2 Nf6 4. e5 Nfd7 5. Bd3 c5 6. c3 Nc6 7. Ne2 Qb6 8. Nf3
cxd4 9. cxd4 Be7 10. O-O O-O 11. Nf4 Nb4 12. Bb1 f6 13. a3 Na6 14. Qd3 f5 15.
g4 Nc7 16. Kh1 Qa6 17. Rg1 Qxd3 18. Bxd3 Nb6 19. b3 Bd7 20. gxf5 exf5 21. Ng5
Bxg5 22. Rxg5 Ne6 23. Nxe6 Bxe6 24. Bd2 Rac8 25. Rag1 Rf7 26. h4 Kh8 27. h5 f4
28. h6 g6 29. Rc1 f3 30. Rg3 Rxc1+ 31. Bxc1 Nc8 32. Bg5 Kg8 33. Bf6 Ne7 34.
Bxe7 Rxe7 35. Rxf3 Rc7 36. Kg2 Rc3 37. Bb5 Rxf3 38. Kxf3 Bf5 39. Kf4 Kf7 40.
Be2 a5 41. b4 axb4 42. axb4 Ke7 43. Bf3 Be6 44. Bg4 Bf7 45. Kg5 b6 46. f4 Bg8
47. f5 gxf5 48. Bxf5 Kf7 49. Kf4 Ke7 50. Ke3 Kd8 51. Kd3 Kc7 52. Kc3 Kc6 53.
Kb3 Kc7 54. Ka4 Kc6 55. Bd3 Kb7 56. Bb1 Kc6 57. Bf5 Kc7 58. Kb5 Bf7 59. Bxh7
Be8+ 60. Ka6 Bc6 61. Bf5 1-0

[Event "Århus cand"]
[Site "Aarhus"]
[Date "2003.07.29"]
[Round "3"]
[White "Jakobsen, Martin Skov"]
[Black "Veng, Johny"]
[Result "0-1"]
[WhiteElo "2146"]
[BlackElo "2126"]
[PlyCount "90"]
[EventDate "2003.07.27"]
[EventType "tourn"]
[EventRounds "9"]
[EventCountry "DEN"]
[SourceTitle "CBM 095 Extra"]
[Source "ChessBase"]
[SourceDate "2003.09.04"]

1. e4 c5 2. c3 d5 3. exd5 Qxd5 4. d4 cxd4 5. cxd4 Nc6 6. Nf3 e5 7. Nc3 Bb4 8.
Bd2 Bxc3 9. Bxc3 e4 10. Nd2 Nf6 11. Bc4 Qd6 12. d5 Ne5 13. Bb5+ Bd7 14. Bxd7+
Nexd7 15. Nc4 Qc5 16. Ne3 O-O 17. Qb3 Qb6 18. O-O Qxb3 19. axb3 a6 20. Bd4 Rfc8
21. Rfc1 Ne8 22. Rc3 Nd6 23. Rac1 Kf8 24. Kf1 f6 25. b4 Rxc3 26. bxc3 Nb5 27.
Bc5+ Nxc5 28. bxc5 Rc8 29. c4 Rxc5 30. Rb1 Nd6 31. f3 exf3 32. gxf3 b5 33. cxb5
axb5 34. Kf2 Nc4 35. Nxc4 bxc4 36. d6 Ke8 37. Rb8+ Kd7 38. Rb7+ Kxd6 39. Rxg7
c3 40. Rg1 c2 41. Rc1 Rc3 42. Ke2 Kd5 43. Kd2 Kd4 44. h3 f5 45. h4 h5 0-1

[Event "Århus cand"]
[Site "Aarhus"]
[Date "2003.08.03"]
[Round "8"]
[White "Matthiesen, Martin"]
[Black "Jakobsen, Martin Skov"]
[Result "1/2-1/2"]
[WhiteElo "2260"]
[BlackElo "2146"]
[PlyCount "64"]
[EventDate "2003.07.27"]
[EventType "tourn"]
[EventRounds "9"]
[EventCountry "DEN"]
[SourceTitle "CBM 095 Extra"]
[Source "ChessBase"]
[SourceDate "2003.09.04"]

1. d4 f5 2. g3 Nf6 3. Bg2 g6 4. c4 Bg7 5. Nf3 d6 6. O-O O-O 7. Nc3 c6 8. b3 Qe8
9. Re1 e5 10. dxe5 dxe5 11. e4 f4 12. Ba3 Rf7 13. Qc2 fxg3 14. hxg3 Bf8 15. Qb2
Bg4 16. Ng5 Rg7 17. f3 h6 18. Nh3 Be6 19. Bxf8 Qxf8 20. Nd1 Nbd7 21. Ne3 g5 22.
Nf2 h5 23. Nf5 Bxf5 24. exf5 g4 25. fxg4 Nxg4 26. Nxg4 Rxg4 27. Bh3 Rxg3+ 28.
Kh2 h4 29. Rg1 Qh6 30. Qf2 Rxg1 31. Rxg1+ Kf7 32. Rg6 Qf4+ 1/2-1/2

[Event "Århus cand"]
[Site "Aarhus"]
[Date "2003.08.01"]
[Round "6"]
[White "Matthiesen, Martin"]
[Black "Christensen, Janus"]
[Result "1-0"]
[WhiteElo "2260"]
[BlackElo "1951"]
[PlyCount "83"]
[EventDate "2003.07.27"]
[EventType "tourn"]
[EventRounds "9"]
[EventCountry "DEN"]
[SourceTitle "CBM 095 Extra"]
[Source "ChessBase"]
[SourceDate "2003.09.04"]

1. d4 Nf6 2. Nf3 c5 3. d5 g6 4. Nc3 Bg7 5. e4 d6 6. Bb5+ Bd7 7. a4 a6 8. Be2
O-O 9. O-O Bg4 10. Ng5 Bxe2 11. Qxe2 h6 12. Nh3 Qc8 13. f4 Qg4 14. Qd3 Rc8 15.
Nf2 Qh5 16. h3 Nbd7 17. Be3 b6 18. Kh2 g5 19. Ne2 c4 20. Qd2 Qg6 21. Ng3 gxf4
22. Bxf4 Nh5 23. Nf5 Bf6 24. Ng4 Nxf4 25. Nxf6+ Qxf6 26. Rxf4 Qe5 27. Nxh6+ Kg7
28. Nxf7 Qxb2 29. Raf1 Nf6 30. e5 Kxf7 31. exf6 exf6 32. Qe3 Qe5 33. Qxb6 Rab8
34. Qa7+ Kg8 35. Kh1 Ra8 36. Rg4+ Kf8 37. Qg7+ Ke8 38. Rh4 Qe7 39. Qg6+ Kd7 40.
Rh7 Re8 41. Rxe7+ Rxe7 42. Rxf6 1-0

[Event "Århus cand"]
[Site "Aarhus"]
[Date "2003.08.04"]
[Round "9"]
[White "Petersen, Tom Petri"]
[Black "Glud, Jakob Vang"]
[Result "1/2-1/2"]
[WhiteElo "2194"]
[BlackElo "2173"]
[PlyCount "83"]
[EventDate "2003.07.27"]
[EventType "tourn"]
[EventRounds "9"]
[EventCountry "DEN"]
[SourceTitle "CBM 095 Extra"]
[Source "ChessBase"]
[SourceDate "2003.09.04"]

1. e4 e5 2. Nf3 Nc6 3. Bb5 a6 4. Ba4 Nf6 5. O-O b5 6. Bb3 Bc5 7. c3 d6 8. d3
Bg4 9. Be3 O-O 10. Nbd2 Ne7 11. Qc2 Bxe3 12. fxe3 c5 13. Qc1 Ng6 14. h3 Be6 15.
Bxe6 fxe6 16. Qe1 d5 17. exd5 exd5 18. d4 Qe7 19. Qg3 cxd4 20. cxd4 e4 21. Nh4
Nxh4 22. Qxh4 Rac8 23. Rfc1 Qb4 24. Nb3 Rc4 25. Qg3 Kh8 26. Rf1 Rc2 27. Rac1
Rxc1 28. Rxc1 a5 29. Qe1 Qxe1+ 30. Rxe1 Rc8 31. Nc5 Kg8 32. Rf1 Kf7 33. Rf5 g6
34. Re5 Re8 35. Nb7 Rxe5 36. dxe5 Nd7 37. Nd6+ Ke6 38. Nxb5 Nxe5 39. b3 Nd3 40.
Kf1 g5 41. a3 h5 42. Nd4+ 1/2-1/2

[Event "Århus cand"]
[Site "Aarhus"]
[Date "2003.07.28"]
[Round "2"]
[White "Petersen, Tom Petri"]
[Black "Matthiesen, Martin"]
[Result "1/2-1/2"]
[WhiteElo "2194"]
[BlackElo "2260"]
[PlyCount "124"]
[EventDate "2003.07.27"]
[EventType "tourn"]
[EventRounds "9"]
[EventCountry "DEN"]
[SourceTitle "CBM 095 Extra"]
[Source "ChessBase"]
[SourceDate "2003.09.04"]

1. g3 c5 2. Bg2 Nc6 3. d3 Nf6 4. c4 e6 5. Nf3 d5 6. O-O Be7 7. Nc3 d4 8. Na4
O-O 9. a3 e5 10. Rb1 a5 11. Qb3 Nd7 12. e3 Rb8 13. Re1 Qc7 14. Bd2 b6 15. Qc2
Bb7 16. e4 f5 17. Re2 f4 18. h3 Kh8 19. Nh2 Nf6 20. g4 Bc8 21. f3 h6 22. Be1
Nh7 23. b3 Be6 24. Nb2 b5 25. Bf1 Rb7 26. Nd1 Rfb8 27. Rb2 Qd8 28. Rd2 Nf6 29.
Qb1 Nd7 30. Rdc2 Rb6 31. Be2 Bh4 32. Nf2 R8b7 33. Qc1 Qb8 34. Ra2 bxc4 35. bxc4
Rb1 36. Qd2 Qd8 37. Nf1 a4 38. Rcb2 Qb8 39. Rxb7 Qxb7 40. Bd1 Qa7 41. Rb2 Ra1
42. Ra2 Rxa2 43. Qxa2 Nb6 44. Qb2 Be7 45. Kg2 Bd7 46. Qb1 Nd8 47. Bc2 Bc6 48.
Nd1 Ne6 49. Nb2 h5 50. Qd1 hxg4 51. hxg4 Bd8 52. Bf2 g6 53. Nd2 Ng5 54. Qh1+
Kg7 55. Qd1 Kg8 56. Qh1 Kg7 57. Qd1 Ne6 58. Nf1 Bf6 59. Nd2 Qa8 60. Qh1 Qb8 61.
Qd1 Qh8 62. Qh1 Qb8 1/2-1/2

[Event "Århus cand"]
[Site "Aarhus"]
[Date "2003.08.01"]
[Round "6"]
[White "Petersen, Tom Petri"]
[Black "Veng, Johny"]
[Result "1-0"]
[WhiteElo "2194"]
[BlackElo "2126"]
[PlyCount "101"]
[EventDate "2003.07.27"]
[EventType "tourn"]
[EventRounds "9"]
[EventCountry "DEN"]
[SourceTitle "CBM 095 Extra"]
[Source "ChessBase"]
[SourceDate "2003.09.04"]

1. g3 Nf6 2. Bg2 d5 3. d3 c5 4. Nf3 Nc6 5. O-O e6 6. Nbd2 Be7 7. e4 b6 8. Re1
Bb7 9. c3 Qc7 10. Qe2 dxe4 11. dxe4 O-O 12. Nc4 Rad8 13. Bf4 Qc8 14. a4 Ba6 15.
Bf1 Na5 16. Nxb6 Bxe2 17. Nxc8 Bxf3 18. Nxe7+ Kh8 19. Bc7 Nb3 20. Bxd8 Nxa1 21.
Bc7 Nb3 22. Bg2 Nd2 23. Bd6 Rd8 24. Bxc5 Nfxe4 25. Ba3 g5 26. Nc6 Rd5 27. c4
Rf5 28. Nd4 Bxg2 29. Nxf5 Nf3+ 30. Kxg2 Nxe1+ 31. Kf1 Nc2 32. Nd6 Nxa3 33. Nxe4
Nxc4 34. b3 Nb6 35. Nxg5 Kg7 36. Ke2 Nd7 37. Kd3 Kf6 38. h4 h6 39. Ne4+ Ke5 40.
b4 f5 41. Nc3 a6 42. a5 Kd6 43. f4 e5 44. Ke3 e4 45. b5 axb5 46. Nxb5+ Ke6 47.
Nd4+ Kf6 48. a6 Nb6 49. a7 Nc4+ 50. Ke2 Nb6 51. Nc2 1-0

[Event "Århus cand"]
[Site "Aarhus"]
[Date "2003.07.31"]
[Round "5"]
[White "Rossen, Claus"]
[Black "Glud, Jakob Vang"]
[Result "1/2-1/2"]
[WhiteElo "2202"]
[BlackElo "2173"]
[PlyCount "45"]
[EventDate "2003.07.27"]
[EventType "tourn"]
[EventRounds "9"]
[EventCountry "DEN"]
[SourceTitle "CBM 095 Extra"]
[Source "ChessBase"]
[SourceDate "2003.09.04"]

1. d4 d5 2. Nf3 Nf6 3. c4 e6 4. g3 Nbd7 5. Bg2 Be7 6. O-O O-O 7. Qc2 c6 8. Nbd2
b6 9. e4 Bb7 10. Ne5 Rc8 11. Rd1 c5 12. Nxd7 Nxd7 13. dxc5 Rxc5 14. exd5 exd5
15. b3 Bf6 16. Ba3 Bxa1 17. Rxa1 Re8 18. Bxc5 Nxc5 19. Rd1 Qa8 20. cxd5 Bxd5
21. Bxd5 Qxd5 22. Nc4 Qe6 23. Qd2 1/2-1/2

[Event "Århus cand"]
[Site "Aarhus"]
[Date "2003.07.27"]
[Round "1"]
[White "Rossen, Claus"]
[Black "Jakobsen, Martin Skov"]
[Result "1/2-1/2"]
[WhiteElo "2202"]
[BlackElo "2146"]
[PlyCount "62"]
[EventDate "2003.07.27"]
[EventType "tourn"]
[EventRounds "9"]
[EventCountry "DEN"]
[SourceTitle "CBM 095 Extra"]
[Source "ChessBase"]
[SourceDate "2003.09.04"]

1. d4 f5 2. e4 fxe4 3. Nc3 Nf6 4. Bg5 Nc6 5. d5 Ne5 6. Qd4 Nf7 7. Bxf6 exf6 8.
Qxe4+ Qe7 9. O-O-O Qxe4 10. Nxe4 Be7 11. Nf3 f5 12. Ng3 g6 13. h4 h5 14. Nd4 d6
15. Nge2 Ne5 16. Nf4 Kf7 17. Kb1 a6 18. g3 Bd7 19. Bg2 Rac8 20. Rhe1 Rhe8 21.
Nfe6 Bf6 22. Ng5+ Bxg5 23. hxg5 Ng4 24. Rf1 Re5 25. f4 Re3 26. Rf3 Rce8 27. Kc1
Nh2 28. Rxe3 Rxe3 29. Rd3 Rxd3 30. cxd3 Ke7 31. Kd2 Ng4 1/2-1/2

[Event "Århus cand"]
[Site "Aarhus"]
[Date "2003.08.04"]
[Round "9"]
[White "Veng, Johny"]
[Black "Matthiesen, Martin"]
[Result "0-1"]
[WhiteElo "2126"]
[BlackElo "2260"]
[PlyCount "110"]
[EventDate "2003.07.27"]
[EventType "tourn"]
[EventRounds "9"]
[EventCountry "DEN"]
[SourceTitle "CBM 095 Extra"]
[Source "ChessBase"]
[SourceDate "2003.09.04"]

1. e4 c5 2. Nf3 Nc6 3. d4 cxd4 4. Nxd4 Nf6 5. Nc3 e5 6. Nxc6 bxc6 7. Bd3 Bb4 8.
O-O Bxc3 9. bxc3 d5 10. exd5 Qxd5 11. Ba3 Be6 12. Qb1 Nd7 13. Qb4 c5 14. Qh4
Rb8 15. Rfd1 Qc6 16. Rab1 Rb6 17. Be4 Rxb1 18. Rxb1 Qa4 19. Bxc5 Nxc5 20. Rb8+
Kd7 21. Rxh8 Qxe4 22. Qxe4 Nxe4 23. Ra8 Nxc3 24. Rxa7+ Kc6 25. a3 Ne2+ 26. Kf1
Nd4 27. Ra8 h5 28. c3 Nb5 29. Ke2 Nxc3+ 30. Kd3 Nd1 31. f3 Nb2+ 32. Ke3 Nc4+
33. Kf2 Kb7 34. Ra4 f5 35. Rb4+ Kc6 36. a4 e4 37. fxe4 fxe4 38. a5 e3+ 39. Ke2
Kc5 40. Rb7 Bg4+ 41. Ke1 Nxa5 42. Rxg7 Nb3 43. h3 Be6 44. Rg5+ Kd4 45. Rxh5 Bc4
46. Rh8 Kd3 47. Re8 Nd4 48. h4 Bf7 49. Re5 Bh5 50. Kf1 Kd2 51. Kg1 Bg6 52. h5
Bd3 53. h6 Nc2 54. Kh2 e2 55. g4 Ne3 0-1

[Event "Århus cand"]
[Site "Aarhus"]
[Date "2003.07.31"]
[Round "5"]
[White "Veng, Johny"]
[Black "Baekgaard, Martin"]
[Result "1-0"]
[WhiteElo "2126"]
[BlackElo "2217"]
[PlyCount "79"]
[EventDate "2003.07.27"]
[EventType "tourn"]
[EventRounds "9"]
[EventCountry "DEN"]
[SourceTitle "CBM 095 Extra"]
[Source "ChessBase"]
[SourceDate "2003.09.04"]

1. b3 e5 2. Bb2 d6 3. e3 Nf6 4. c4 c6 5. d4 Nbd7 6. Nf3 e4 7. Nfd2 d5 8. f4 Nb6
9. c5 Nbd7 10. b4 h5 11. Nb3 Ng4 12. Bc1 g6 13. Nc3 Ndf6 14. Qe2 Nh6 15. Nd1
Bg4 16. Qd2 Bxd1 17. Qxd1 Nf5 18. Be2 Ng4 19. Bxg4 Qh4+ 20. Kd2 hxg4 21. Bb2
Qf2+ 22. Qe2 Qxe2+ 23. Kxe2 Be7 24. g3 Rh3 25. Kf2 Kd7 26. Rae1 b6 27. Bc3 g5
28. fxg5 Bxg5 29. Bd2 Rah8 30. Kg2 R8h6 31. a4 Ne7 32. cxb6 axb6 33. a5 bxa5
34. bxa5 Rh8 35. Nc5+ Kc7 36. a6 Rb8 37. Rb1 Rhh8 38. Rb7+ Rxb7 39. axb7 Nf5
40. Rb1 1-0

[Event "Århus cand"]
[Site "Aarhus"]
[Date "2003.07.28"]
[Round "2"]
[White "Veng, Johny"]
[Black "Rossen, Claus"]
[Result "1/2-1/2"]
[WhiteElo "2126"]
[BlackElo "2202"]
[PlyCount "128"]
[EventDate "2003.07.27"]
[EventType "tourn"]
[EventRounds "9"]
[EventCountry "DEN"]
[SourceTitle "CBM 095 Extra"]
[Source "ChessBase"]
[SourceDate "2003.09.04"]

1. e4 e5 2. Bc4 Nf6 3. Nc3 Bc5 4. d3 d6 5. Na4 Bg4 6. f3 Bd7 7. Nxc5 dxc5 8. f4
Nc6 9. Nf3 Qe7 10. O-O O-O-O 11. Kh1 Bg4 12. Qe1 Bxf3 13. gxf3 Nh5 14. fxe5
Nxe5 15. Bb3 g5 16. Be3 b6 17. Qf2 Rhg8 18. Qg2 Nf4 19. Bxf4 gxf4 20. Qh3+ Kb8
21. Rg1 Rg6 22. Rxg6 hxg6 23. Rd1 Qf6 24. Qf1 Qh4 25. Qg2 Rh8 26. Rf1 g5 27.
Kg1 Rh7 28. Rf2 g4 29. fxg4 Nxg4 30. Rxf4 Qe1+ 31. Rf1 Qe3+ 32. Kh1 Rxh2+ 33.
Qxh2 Nxh2 34. Kxh2 Qe2+ 35. Kg1 Qg4+ 36. Kf2 f6 37. Ke1 Qh4+ 38. Kd1 c6 39. a4
a6 40. Rf5 Qg4+ 41. Ke1 b5 42. axb5 cxb5 43. Rxf6 Qh4+ 44. Rf2 c4 45. Ba2 Qh8
46. dxc4 Qxb2 47. cxb5 Qxa2 48. bxa6 Qxa6 49. Re2 Qa5+ 50. Kd1 Qe5 51. Kd2 Kc7
52. Re3 Kc6 53. Re2 Kc5 54. Re3 Qf4 55. e5 Qd4+ 56. Ke2 Qc4+ 57. Kd2 Qe6 58.
Rc3+ Kd4 59. Rd3+ Ke4 60. Re3+ Kf4 61. Re1 Kf5 62. Rf1+ Ke4 63. Re1+ Kd4 64.
Re3 Kc4 1/2-1/2